Microbiología Médica
| Main Author: | |
|---|---|
| Format: | Section = Libro |
| Language: | Undetermined Spanish |
| Published: |
México
Limusa
1989
|
| Subjects: |
| LEADER | 00447nam a2200181Ia 4500 | ||
|---|---|---|---|
| 008 | 240830s9999 xx 000 0 und d | ||
| 020 | |a 968-18-3126-8 | ||
| 040 | |a CEDOC FIQ-RUSB / 616.01 K96 | ||
| 041 | |a spa | ||
| 082 | |a 616.01 K96 | ||
| 100 | 1 | |a Kingsbury, David T | |
| 245 | 1 | 0 | |a Microbiología Médica |
| 260 | |a México |b Limusa |c 1989 | ||
| 300 | |a 505 p. :il | ||
| 650 | 7 | |a MICROBIOLOGIA MEDICA | |
| 942 | |c BK |2 ddc | ||
| 991 | |a TEXTO | ||
| 999 | |c 13602 | ||